Alle Bahnhaltestellen in Mecklenburg-Vorpommern - Statistiken

Allgemein
  • Dieses Quiz wurde 26 mal gespielt
    24 seit der letzten Aktualisierung
  • Das Durchschnittsergebnis liegt bei 52 aus 238
Antwortstatistiken
Hint Antwort % Korrekt
RE 1, RE 5, RE 9, RE 50, RB 11, RB 12, S 1, S 2, S 3 Rostock Hauptbahnhof
94%
RE 4, RE 5 Neubrandenburg
88%
RE 1, RE 8, RB 13, RB 17, RB 18 Schwerin Hauptbahnhof
88%
RE 3, RE 5, RE 9, RE 10 Stralsund Hauptbahnhof
88%
RB 32 Binz LB
82%
RE 3, RE 10 Greifswald
82%
RB 13, RB 14 Parchim
82%
S 1, S 2, S 3 Rostock-Warnemünde
82%
RE 3, RE 10 Anklam
76%
RE 9, RB 26 Bergen auf Rügen
76%
RE 4, RE 5, RE 50, S 2, S3 Güstrow
76%
RE 8, RB 14, RB 17 Ludwigslust
76%
RE 3, RE 4, RE 10 Pasewalk
76%
RE 9 Sassnitz
76%
RE 5, RE 50, RB 16 Neustrelitz Hauptbahnhof
71%
RE 5, RE 50, RB 15 Waren (Müritz)
71%
RE 3, RE 10, RB 23 Züssow
71%
RE 1, RE 4, RE 8, RB 17, RB 18 Bad Kleinen
65%
RE 1, RE 4 Bützow
65%
RE 9 Stralsund Rügendamm
65%
RE 8, RB 11, RB 17 Wismar
65%
RE 1 Boizenburg (Elbe)
59%
RE 5 Demmin
59%
RE 4 Ueckermünde
59%
RE 9, RB 25 Velgast
59%
RE 5 Burg Stargard
53%
RE 1, RB 14 Hagenow Land
53%
RE 1, RE 8, RB 17 Schwerin Süd
53%
RB 11, RB 31 Bad Doberan
47%
RB 25 Barth
47%
RE 3, RE 10 Ferdinandshof
47%
RE 3, RE 10 Greifswald Süd
47%
RE 4 Grevesmühlen
47%
RE 9 Ribnitz-Damgarten Ost
47%
RE 9 Ribnitz-Damgarten West
47%
S 1, S 2, S 3 Rostock-Lichtenhagen
47%
S 1, S 2, S 3 Rostock-Lütten Klein
47%
RE 1, RE 8, RB 13, RB 17 Schwerin Mitte
47%
RB 23 Wolgast
47%
RE 9 Altefähr
41%
RE 5 Altentreptow
41%
S 3 Laage (Meckl)
41%
RE 4 Reuterstadt Stavenhagen
41%
RB 23 Seebad Ahlbeck
41%
RB 23 Seebad Heringsdorf
41%
RE 4 Torgelow
41%
RB 23 Wolgast Hafen
41%
RB 24 Zinnowitz
41%
RB 12 Graal-Müritz
35%
RE 4 Lalendorf
35%
RB 26 Lauterbach (Rügen)
35%
RE 4 Malchin
35%
RE 9 Prora
35%
RB 13 Rehna
35%
RE 4 Teterow
35%
RB 23 Ahlbeck Grenze
29%
RE 8, RB 17 Dorf Mecklenburg
29%
RE 3, RE 10 Ducherow
29%
RB 13 Gadebusch
29%
RB 14 Hagenow Stadt
29%
RE 3, RE 4, RE 10 Jatznick
29%
RE 3, RE 10 Klein Bünzow
29%
RB 26, RB 32 Lauterbach Mole
29%
RE 9 Lietzow (Rügen)
29%
RE 4 Löcknitz
29%
RE 3, RE 10 Miltzow
29%
RB 24 Peenemünde
29%
RE 4, S 3 Priemerburg
29%
RE 9, RB 12 Rövershagen
29%
RE 4 Schönberg (Meckl)
29%
RE 9 Stralsund-Grünhufe
29%
RE 9 Altenwillershagen
24%
RB 23 Bansin Seebad
24%
RE 1, RE 4 Blankenberg (Meckl)
24%
RE 4 Eggesin
24%
RE 9 Gelbensande
24%
RB 32 Göhren (Rügen)
24%
RE 8 Grabow (Meckl)
24%
RE 5 Grimmen
24%
RE 3, RE 10 Groß Kiesow
24%
RB 23 Kölpinsee
24%
RB 23 Koserow
24%
RB 14 Neustadt-Glewe
24%
RE 1 Pritzier
24%
RB 26, RB 32 Putbus
24%
S 1, S 2, S 3 Rostock-Evershagen
24%
S 1, S 2, S 3 Rostock Holbeinplatz
24%
S 1, S 2, S 3 Rostock-Warnemünde Werft
24%
RE 9 Sagard
24%
RE 1, S 2 Schwaan
24%
RB 13, RB 17 Schwerin-Görries
24%
RE 9 Teschenhagen
24%
RB 23 Trassenheide
24%
RB 23 Ückeritz
24%
RE 1, RE 4 Ventschow
24%
RB 23 Wolgaster Fähre
24%
RE 5 Zarrendorf
24%
RB 23 Ahlbeck Ostseetherme
18%
RB 12 Bentwisch
18%
RE 9 Buchenhorst
18%
RB 13 Crivitz
18%
RB 15 Inselstadt Malchow
18%
RE 10 Jeeser
18%
RB 23 Karlsburg
18%
RB 24 Karlshagen
18%
RE 9 Lancken
18%
RE 8, RB 17, RB 18 Lübstorf
18%
RB 16 Mirow
18%
RE 9 Rambin (Rügen)
18%
S 1, S 2, S 3 Rostock-Bramow
18%
S 1, S 2, S 3 Rostock-Marienehe
18%
S 1, S 2, S 3 Rostock-Parkstraße
18%
RB 11 Rostock-Thierfelder Straße
18%
RE 9 Samtens
18%
RB 23 Schmollensee
18%
RB 13 Schwerin-Wüstmark
18%
RE 4 Sponholz
18%
RE 4 Strasburg (Uckerm)
18%
RB 11 Tessin
18%
RB 24 Trassenmoor
18%
RB 23 Zempin
18%
RB 32 Baabe
12%
RB 12 Graal-Müritz Koppelweg
12%
RE 4 Grambow
12%
RB 25 Kenz
12%
RE 5, RE 50 Kratzeburg
12%
RB 11 Kröpelin
12%
RE 5, RE 50 Langhagen
12%
RE 9 Martensdorf
12%
S 2 Mistorf
12%
RB 17 Moidentin
12%
RB 11 Neubukow
12%
RE 4 Neu Wokern
12%
RE 9 Ostseebad Binz
12%
RE 4 Pasewalk Ost
12%
RB 13 Plate
12%
S 2 Pölchow
12%
RE 8, RB 17 Rastow
12%
RB 11 Roggentin
12%
RB 12 Rostock-Kassebohm
12%
RB 12 Rostock-Torfbrücke
12%
RB 25 Saatel
12%
RB 11 Sanitz (b Rostock)
12%
RE 1 Schwanheide
12%
RE 5 Sternfeld
12%
RB 11 Tessin West
12%
RE 4 Ueckermünde Stadthafen
12%
RE 10 Wüstenfelde
12%
RB 31 Bad Doberan Goethestraße
6%
RB 31 Bad Doberan Stadtmitte
6%
RB 23 Bannemin-Mölschow
6%
RB 32 Beuchow
6%
RE 5 Blankensee (Meckl)
6%
RE 1 Brahlstorf
6%
RB 11 Broderstorf
6%
RB 23 Buddenhagen
6%
RE 5 Cammin
6%
RB 13 Domsühl
6%
RE 5 Elmenhorst
6%
RE 5 Gnevkow
6%
RB 11 Groß Lüsewitz
6%
RB 11 Groß Schwaß
6%
RB 31 Heiligendamm
6%
RB 23 Heringsdorf Neuhof
6%
RB 23 Hohendorf
6%
RE 8, RB 17 Holthusen
6%
S 2 Huckstorf
6%
RB 15 Jabel (Meckl)
6%
RB 32 Jagdschloss
6%
RB 14 Jasnitz
6%
S 3 Kavelstorf
6%
RE 8, RB 17 Lüblow (Meckl)
6%
S 2 Lüssow (Meckl)
6%
RE 4 Mölln (Meckl)
6%
RB 12 Mönchhagen
6%
RE 4 Neetzka
6%
RB 23 Neu Pudagla
6%
RB 15 Nossentin
6%
RE 4 Oertzenhof
6%
S 2 Papendorf
6%
RB 11 Parkentin
6%
S 3 Plaaz
6%
RE 9 Prora Ost
6%
RB 11 Reddelich
6%
RB 12 Rövershagen Karls Erlebnisdorf
6%
RE 4 Sandförde
6%
RB 13 Schwerin-Lankow
6%
RB 14 Strohkirchen
6%
RB 23 Stubbenfelde
6%
RB 13 Sukow (b Schwerin)
6%
RE 5 Utzedel
6%
RB 16 Wesenberg
6%
RE 4 Zerrenthin
6%
RB 11 Althof
0%
RE 4 Blumenhagen
0%
RE 4 Bobitz
0%
RB 14 Dütschow
0%
RB 13 Friedrichsruhe (Meckl)
0%
RB 32 Garftitz
0%
RE 4 Grieben (Meckl)
0%
RB 13 Groß Brütz
0%
RB 14 Groß Laasch
0%
RB 16 Groß Quassow
0%
RB 11 Hagebök
0%
RE 4 Herrnburg
0%
RB 13 Holdorf (Meckl)
0%
RB 11 Hornstorf
0%
RB 11 Kalsow
0%
S 3 Kronskamp
0%
RE 4 Lüdersdorf (Meckl)
0%
RB 13 Lützow
0%
RB 31 Ostseebad Kühlungsborn Mitte
0%
RB 31 Ostseebad Kühlungsborn Ost
0%
RB 31 Ostseebad Kühlungsborn West
0%
RB 32 Phillipshagen
0%
RE 4 Plüschow
0%
RB 32 Posewald
0%
RE 5 Rakow
0%
RB 13 Ruthenbeck
0%
RB 11 Sandhagen (b Bad Doberan)
0%
S 3 Scharstorf
0%
RB 15 Schwenzin
0%
RB 13 Schwerin Margaretenhof
0%
RB 13 Schwerin-Warnitz
0%
RB 32 Seelvitz
0%
RB 32 Sellin Ost
0%
RB 32 Sellin West
0%
RB 32 Serams
0%
RB 14 Spornitz
0%
RB 31 Steilküste/Wittenbeck
0%
RB 11 Steinhausen-Neuburg
0%
S 3 Subzin-Liessow
0%
RE 8, RB 17 Sülstorf
0%
RB 11 Teschow
0%
RB 15 Warenshof
0%
RB 16 Weißer See
0%
RE 5 Wittenhagen
0%
RB 16 Zirtow-Leussow
0%
Keine übereinstimmenden Quizze gefunden
Verteilung der Resultate
Anzahl Personen mit jedem Resultat
Perzentil nach korrekt beantworteten Fragen
Ihre Resultats-Entwicklung
Sie haben dieses Quiz seit der letzten Aktualisierung nicht gespielt